000
00219 a2200097 4500
001
1472
100
_a
Davis, H.E
245
_a
Practial design of simple steel structures
260
_a
_b
Asia pubs
_c
090
_c
1015
_d
1015
942
_a
NUST-CAE
_c
M
_c
170
999
_c
236545
_d
236545